Catálogo
 En Linea

Vida y Obra Universitaria del Dr. Gustavo García de Paredes Aued. : (Registro nro. 43301)

Detalles MARC
000 -CABECERA
campo de control de longitud fija 00816nam a2200157 a 4500
001 - NÚMERO DE CONTROL
campo de control 000043812
005 - FECHA Y HORA DE LA ÚLTIMA TRANSACCIÓN
campo de control 20201002045000.0
008 - DATOS DE LONGITUD FIJA--INFORMACIÓN GENERAL
campo de control de longitud fija 140506s2013 pn 000 0 spa d
020 ## - NÚMERO INTERNACIONAL ESTÁNDAR DEL LIBRO
Número Internacional Estándar del Libro 9789962055082
040 ## - FUENTE DE LA CATALOGACIÓN
Centro catalogador/agencia de origen DO-SdBNP
Lengua de catalogación spa
Centro/agencia transcriptor BNPHU
245 00 - MENCIÓN DE TÍTULO
Título Vida y Obra Universitaria del Dr. Gustavo García de Paredes Aued. :
Resto del título esta compilación de datos sobre la vida y obra del Doctor García de Paredes Aued, es parte de un documento fílmico, donde se destacan los aportes más importantes de sus diferentes periodos como rector de la Universidad de Panamá /
Mención de responsabilidad, etc. compiladores José Alberto Del Cid Felipe, Gustavo Alexis Donalicio Danila.
260 ## - PUBLICACIÓN, DISTRIBUCIÓN, ETC.
Lugar de publicación, distribución, etc. Panamá, :
Nombre del editor, distribuidor, etc. Universitaria,
Fecha de publicación, distribución, etc. 2013.
300 ## - DESCRIPCIÓN FÍSICA
Extensión 85 p. ;
Dimensiones 21 cm.
700 12 - PUNTO DE ACCESO ADICIONAL--NOMBRE DE PERSONA
Nombre de persona Del Cid Felipe, José Alberto
9 (RLIN) 71629
700 12 - PUNTO DE ACCESO ADICIONAL--NOMBRE DE PERSONA
Nombre de persona Donalicio Danila, Gustavo Alexis
9 (RLIN) 71655
Existencias
Estado de retiro Estado de pérdida Restricciones de uso No para préstamo Código de colección Localización permanente Ubicación/localización actual Ubicación en estantería Fecha de adquisición Número de inventario Total de préstamos Signatura topográfica completa Código de barras Fecha visto por última vez Precio válido a partir de Tipo de ítem Koha Número de copia
      Excluido de préstamo Monografías: Libros y Folletos General General En catalogación 06.05.2014 LF1   43812-10 25.06.2020 25.06.2020 No se presta  
      Excluido de préstamo Monografías: Libros y Folletos General General En catalogación 06.05.2014 LF1   43812-20 25.06.2020 25.06.2020 No se presta e. 2

Con tecnología Koha